| 000 | 00380nam a22001577a 4500 | ||
|---|---|---|---|
| 005 | 20160903165615.0 | ||
| 008 | 160903b xxu||||| |||| 00| 0 eng d | ||
| 020 | _a978-93-86000-63-8 | ||
| 041 | _aeng | ||
| 100 |
_aMEHRA,LOKESH AND OTHERS _93478 |
||
| 245 | _aCORPORATE EMPLOYABILITY SKILLS | ||
| 260 |
_bCEGR _c2016 |
||
| 300 | _a364 | ||
| 650 |
_aMANAGEMENT _9241 |
||
| 942 | _cBK | ||
| 999 |
_c5183 _d5181 |
||